Land vs. Land #99 - Statistiken

Allgemein
  • Dieses Quiz wurde 22 mal gespielt
  • Das Durchschnittsergebnis liegt bei 11 aus 14
Antwortstatistiken
Frage Antwort % Korrekt
...HDI (Human Development Index)? Irland🇮🇪
100%
...Gesundheitswesen? Irland🇮🇪
95%
...Frieden? Irland🇮🇪
95%
...Lebenserwartung? Irland🇮🇪
95%
...Fläche? Vietnam🇻🇳
95%
...Einwohner? Vietnam🇻🇳
95%
...Militär? Vietnam🇻🇳
95%
...Bruttoinlandsprodukt pro Kopf? Irland🇮🇪
89%
...durchschnittlicher IQ? Irland🇮🇪
89%
...Exportmengen? Vietnam🇻🇳
84%
...Gewinner? Irland🇮🇪
68%
...Tourismus? Vietnam🇻🇳
58%
...Bruttoinlandsprodukt? Irland🇮🇪
26%
...Happy Planet Index? Vietnam🇻🇳
5%
Keine übereinstimmenden Quizze gefunden
Verteilung der Resultate
Anzahl Personen mit jedem Resultat
Perzentil nach korrekt beantworteten Fragen
Ihre Resultats-Entwicklung
Sie haben dieses Quiz noch nicht gespielt